Pays membres de l'Axe, Alliés et Komintern en 1939 - Statistiques

Statistiques générales
  • Ce quiz a été pris 64 fois
  • Le résultat moyen est 9 sur 14
Statistiques - réponses
Alliance Pays % Correct
Les Alliés Royaume-Uni
98%
L’Axe Allemagne
96%
Les Alliés France
96%
L’Axe Italie
96%
L’Axe Japon
96%
Le Komintern Union Soviétique
92%
Les Alliés Canada
71%
Les Alliés Australie
62%
Les Alliés Inde
60%
Les Alliés Nouvelle-Zélande
50%
Les Alliés Afrique du Sud
33%
Le Komintern Mongolie
33%
Les Alliés Malaisie
15%
Le Komintern Tannou-Touva
15%
Aucun quiz correspondant
Distribution des résultats
% des personnes avec chaque résultat
Percentile par nombre de réponses
Votre historique - résultats
Vous n’avez pas pris ce quiz